A Study of Thai Mail (Record no. 521)
[ view plain ]
| 000 -LEADER | |
|---|---|
| fixed length control field | 00201nam a22000977a 4500 |
| 003 - CONTROL NUMBER IDENTIFIER | |
| control field | OSt |
| 008 - FIXED-LENGTH DATA ELEMENTS--GENERAL INFORMATION | |
| fixed length control field | 140419b xxu||||| |||| 00| 0 eng d |
| 041 ## - LANGUAGE CODE | |
| Language code of text/sound track or separate title | eng |
| 245 10 - TITLE STATEMENT | |
| Title | A Study of Thai Mail |
| 300 ## - PHYSICAL DESCRIPTION | |
| Extent | 0 pages |
| Withdrawn status | Lost status | Damaged status | Not for loan | Collection code | Permanent Location | Current Location | Date acquired | Total Checkouts | Date last seen | Price effective from | Koha item type |
|---|---|---|---|---|---|---|---|---|---|---|---|
| Richard Drews | Northern Philatelic Library | Northern Philatelic Library | 04/19/2014 | 06/27/2015 | 06/27/2015 | Books |